00636 a2200181 450000100060000002000180000604000220002410000210004624000550006724500500012230000080017236200090018065000230018994200070021295201130021995201050033299900170043757471 a9788572085526 cAnchieta - Pituba aRodrigues, Sonia10aEu sou Maria; Os doze trabalhos de Hérculeslpor10aEu sou Maria; Os doze trabalhos de Hércules a1150 a2008 4aLiteratura juvenil cBK 00104070a91.1b91.1d2023-11-21l0oLJ 028.5 R696e ROD EUSp7568/PITr2023-11-21 18:25:10w2023-11-21yBK 00104070a88.1b88.1d2023-11-22l0oLJ 028.5 R696ep6273/CSPr2023-11-22 14:32:17w2023-11-22yBK c57471d57471